Diplomacia por la libertad : (Record no. 23118)

000 -CABECERA
fixed length control field 01396nam a22001937i 4500
003 - IDENTIFICADOR DEL NÚMERO DE CONTROL
control field AR-CdUCM
008 - DATOS DE LONGITUD FIJA--INFORMACIÓN GENERAL
fixed length control field 241108b20172017 pe||||| |||| 00| 0 spa d
040 ## - FUENTE DE LA CATALOGACIÓN
Agencia/entidad que catalogó originalmente la obra MUNICIPALIDAD PROVINCIAL DEL CUSCO
Entidad que transcribió la catalogación BIBLIOTECA MUNICIPAL DEL CUSCO
100 ## - ENTRADA PRINCIPAL--NOMBRE DE PERSONA
Nombre Personal Pinto-Bazurco Rittler, Ernesto
245 ## - MENCIÓN DE TÍTULO
Título Diplomacia por la libertad :
Resto del título Testimonio confidencial de un embajador /
260 ## - PUBLICACIÓN, DISTRIBUCIÓN, ETC.
Lugar de publicación, distribución, etc. Lima :
Nombre de la editorial, distribuidor, etc. Fondo Editorial del Congreso del Perú
Fecha de publicación, distribución, etc. 2017
300 ## - DESCRIPCIÓN FÍSICA
Nº de Páginas Extensión 402 páginas. :
Dimensiones 23 cm
505 ## - NOTA DE CONTENIDO CON FORMATO
Nota de contenido formateada Una Isla a la deriva -- El hundimiento de una nave ha sido, desde antiguo, motivo para una declaración de guerra -- Naciones Unidas: Encuentro cubano-peruano -- Instrucciones especiales -- Sin el SIN (servicio de inteligencia del Perú) y la instancia del míster Turbal -- La isla bella ... y sus automóviles -- Se veía venir tiempos difíciles -- Las utopías en el poder -- La oportuna y delicada misión -- La trama: un caso político policial -- La presión por el éxodo. antes del estallido -- El gran pretexto: el drama de la única muerte -- Convertido en un problema internacional: consolidar la solución acordada -- Invasión a la embajada o éxodo masivo hacia la misión diplomática -- Aún más allá de Cuba y los sucesos
650 ## - PUNTO DE ACCESO ADICIONAL DE MATERIA--TÉRMINO DE MATERIA
Descriptor Guerra
9 (RLIN) 1007
650 ## - PUNTO DE ACCESO ADICIONAL DE MATERIA--TÉRMINO DE MATERIA
Descriptor Invasión
9 (RLIN) 3715
650 ## - PUNTO DE ACCESO ADICIONAL DE MATERIA--TÉRMINO DE MATERIA
Descriptor Misión político
9 (RLIN) 50790
942 ## - ELEMENTOS DE PUNTO DE ACCESO ADICIONAL (KOHA)
Fuente de clasificación
Tipo de item Libros-BMC
945 ## - PROCESAMIENTO DE INFORMACIÓN LOCAL (OCLC)
Catalogador pbj
AAAA-MM-DD - Fecha de ingreso o modificacion 08-11-2024

No items available.

Powered by Koha